Výročná správa 1999 Nadácia otvorenej spoločnosti
Guardado en:
| Formato: | Libro |
|---|---|
| Lenguaje: | eslovaco |
| Publicado: |
Bratislava
Nadácia otvorenej spoločnosti
[1999]
|
| Materias: | |
| Etiquetas: |
Sin Etiquetas, Sea el primero en etiquetar este registro!
|
MARC
| LEADER | 00000nam a2200000 4500 | ||
|---|---|---|---|
| 001 | c137760 | ||
| 005 | 20221102133100.4 | ||
| 041 | 0 | |a slo | |
| 044 | |a SK | ||
| 245 | 1 | 0 | |a Výročná správa 1999 |b Nadácia otvorenej spoločnosti |
| 264 | 1 | |a Bratislava |b Nadácia otvorenej spoločnosti |c [1999] | |
| 300 | |a 163 s. | ||
| 610 | 2 | 0 | |a nadácie |
| 610 | 2 | 0 | |a spoločnosť |
| 610 | 2 | 0 | |a demokracia |
| 610 | 2 | 0 | |a programy |
| 610 | 2 | 0 | |a projekty |
| 610 | 2 | 0 | |a vzdelávanie |
| 610 | 2 | 0 | |a deti |
| 610 | 2 | 0 | |a mládež |
| 610 | 2 | 0 | |a konferencie |
| 610 | 2 | 0 | |a knižnice |
| 610 | 2 | 0 | |a granty |
| 610 | 2 | 0 | |a práva ľudské |
| 610 | 2 | 0 | |a správa verejná |
| 610 | 2 | 0 | |a spolupráca medzinárodná |
| 610 | 2 | 0 | |a zdravotníctvo |
| 610 | 2 | 0 | |a právo |
| 610 | 2 | 0 | |a médiá |
| 610 | 2 | 0 | |a umenie |
| 610 | 2 | 0 | |a kultúra |
| 610 | 2 | 0 | |a internet |
| 610 | 2 | 0 | |a štruktúra organizačná |
| 610 | 2 | 0 | |a príjmy |
| 610 | 2 | 0 | |a výdavky |
| 610 | 2 | 0 | |a Slovensko |